| 000 | 00705nam a22002177a 4500 | ||
|---|---|---|---|
| 999 |
_c127 _d127 |
||
| 003 | AR-CdUCM | ||
| 008 | 190221b ||||| |||| 00| 0 eng d | ||
| 040 |
_aMUNICIPALIDAD PROVINCIAL DEL CUSCO _cBIBLIOTECA MUNICIPAL DEL CUSCO |
||
| 082 |
_a848.984 / _bM42 |
||
| 100 |
_aMéndes Samuel, Alejandro _9617 |
||
| 245 |
_aEn el Valle de Oronqóta / _cMéndes Samuel, Alejandro |
||
| 260 |
_aLa Paz : _bCasa Municipal de la Cultura "Franz Tamayo" , _c1978. |
||
| 300 |
_a103 paginas : _c21 cm. |
||
| 505 | _aOronqota... | ||
| 650 |
_aOronqota. _9618 |
||
| 650 |
_aBolivia la Paz. _9619 |
||
| 650 |
_aLa Paz. _9620 |
||
| 700 |
_aMéndes Samuel, Alejandro _9617 |
||
| 942 |
_2ddc _cLIBROS |
||
| 945 |
_artm _d2019-02-21 |
||